|
|
|
|
| LEADER |
00655nab a2200205 i 4500 |
| 001 |
publ17978 |
| 005 |
20200123102957.0 |
| 008 |
200123s2016 hu o 0|| zxx d |
| 022 |
|
|
|a 0238-2571
|
| 024 |
7 |
|
|a 3065268
|2 mtmt
|
| 040 |
|
|
|a SZTE Publicatio Repozitórium
|b hun
|
| 041 |
|
|
|a zxx
|
| 100 |
1 |
|
|a Fejes Imola
|
| 245 |
1 |
2 |
|a A hipertónia kezelése
|h [elektronikus dokumentum] /
|c Fejes Imola
|
| 260 |
|
|
|c 2016
|
| 300 |
|
|
|a 9-16
|
| 490 |
0 |
|
|a MEDICINA THORACALIS (BUDAPEST)
|v 69 No. 1
|
| 700 |
0 |
1 |
|a Ábrahám György
|e aut
|
| 700 |
0 |
1 |
|a Légrády Péter
|e aut
|
| 856 |
4 |
0 |
|u http://publicatio.bibl.u-szeged.hu/17978/1/MedicinaThoracalis-FejesI.pdf
|z Dokumentum-elérés
|